| 000 | 00447cam a2200181ua 4500 | ||
|---|---|---|---|
| 020 | _c2.00 | ||
| 041 |
_amal _h |
||
| 082 |
_a894.81209 _bPAR/SU |
||
| 100 | _aParameswarakurup, Koyipilli . | ||
| 245 |
_aSuvarnayugam / _cKoyipilli Parameswarakurup. _hTextual Documents |
||
| 250 |
_a1 / _b. |
||
| 260 |
_aCalicut : _bP.K Brothers , _c1955. |
||
| 300 | _a220 ; . | ||
| 365 | _a2.00 | ||
| 504 | _a | ||
| 942 | _cBK | ||
| 999 |
_c12577 _d12577 |
||